AQA A-Level Psychology: Treating OCD - Statistics

General Stats
  • This quiz has been taken 62 times
  • The average score is 3 of 15
Answer Stats
Question Answer % Correct
Name the main antidepressant drugs used to treat OCD. SSRIs
81%
What do the antidepressants do to serotonin? Inhibits reuptake
50%
What are common side effects of the other antidepressant drugs? Headaches / Nausea / Insomnia
23%
AO3: What are the main LIMITATIONS of these drug therapies? Side effects
19%
AO3: How long do the average drug trials last? 3-4 months, so long-term effects are unknown.
15%
What does the antianxiety drug enhance? GABA receptors
15%
AO3: What are the main STRENGTHS of these drug therapies? Research support, a meta-analysis found that SSRIs were more effective than placebos.
15%
AO3: Why can the antianxiety drugs only be used for 4 weeks? Risk of addiction
15%
AO3: What are the main STRENGTHS of these drug therapies? Economical / Self-administered / Cheap / Quick
10%
What are common side effects of tricyclics? Hallucinations / Heart problems
8%
What other neurotransmitter do tricyclics effect? Noradrenaline
8%
Name the antianxiety drug used to treat OCD. Benzodiazepines (BZs)
6%
Name the new antibiotic drug used to treat OCD. D-cycloserine
2%
AO3: What are the main LIMITATIONS of these drug therapies? Publication bias
2%
AO3: What are the main LIMITATIONS of these drug therapies? Not long lasting / Not a permanant solution
0%
No matching quizzes found
Score Distribution
Percent of People with Each Score
Percentile by Number Answered
Your Score History
You have not taken this quiz